000 00487nam a2200193Ia 4500
005 20250326142517.0
008 250326s9999 xx 000 0 und d
037 _aTextbook
040 _aFMSL
_beng
_cFMSL
041 _aeng
_2eng
084 _qFMSL
100 _aLevin R I
245 0 _aStatistics for management
_cLevin R I
250 _aEd 4
260 _aNew Delhi
_bNew Delhi, Prentice Hall of India
_c1987
300 _a903p
942 _cTB
999 _c1295371
_d1295371